Suomalaisten TV-ohjelmien juontajat - Statistics

Yleistilastot
  • Tätä visaa on pelattu 152 kertaa
  • Keskiarvotulos 9 / 17
Vastaustilastot
Kausi Vastaus % Oikein
2016-2020 Jaajo Linnonmaa
87%
2022- Antti Holma
79%
1,4,5 Jaakko Saariluoma
77%
2-7 Juuso Mäkilahde
61%
15- Niina Lahtinen
59%
8- Riku Rantala
58%
8-12 Roope Salminen
58%
3- Susanna Laine
57%
1- Ilkka Uusivuori
49%
1999-2005 Lasse Lehtinen
46%
1. Juuso Mäkilahde
43%
6-7 Heikki Paasonen
39%
13-14 Christoffer Strandberg
36%
2. Ellen Jokikunnas
36%
1. Heikki Paasonen
34%
2005-2007 Ville Klinga
30%
2 Ville Myllyrinne
22%
Ehtoja vastaavia visoja ei löytynyt
Tulosjakauma
Jokaisen tuloksen saaneiden osuus
Persentiili vastausten määrän mukaan
Tuloshistoriasi
Et ole pelannut tätä visaa